| 000 | 00474nam a2200169Ia 4500 | ||
|---|---|---|---|
| 003 | GCL | ||
| 008 | 140319s9999 xx 000 0 ara d | ||
| 040 |
_aGCL / _cGCL |
||
| 082 | 0 | 4 |
_a823.9 _bل ق |
| 100 | 1 | _aلندن، جاك | |
| 245 | 1 | 0 |
_aالقدم الحديدية / _cلندن، جاك |
| 700 | 1 | _aثروت سلامة | |
| 490 |
_aالالف كتاب _v0 |
||
| 650 | 0 | 4 | _aالقصص الانجليزية |
| 650 | 0 | 4 | _aالادب الانجليزى |
| 942 |
_2ddc _cBK |
||
| 999 |
_c43551 _d43551 |
||